La Liga Champions - Statistics

General Stats
  • This quiz has been taken 832 times
  • The average score is 7 of 9
Answer Stats
Titles Last Team % Correct
24 2016 FC Barcelona
100%
32 2012 Real Madrid
100%
10 2014 Atlético Madrid
94%
6 2004 Valencia FC
91%
1 1946 Sevilla FC
84%
8 1984 Athletic Bilbao
67%
1 2000 Deportivo La Coruña
67%
1 1935 Real Betis
64%
2 1982 Real Sociedad
53%
No matching quizzes found
Score Distribution
Percent of People with Each Score
Percentile by Number Answered
Your Score History
You have not taken this quiz